000 01378nac a22003615a 4500
006 a|||||s|||| 00| 0
008 090226t2008 nyua frb 001 0 eng d
010 _a 2007020943
020 _a9780073121581 (hard copy : alk. paper)
020 _a0073121584 (hard copy : alk. paper)
020 _a9780073290980
020 _a007329098x
040 _aEG-ScBUE
_beng
_cEG-ScBUE
082 0 4 _a621.815
_bNOR
_222
100 1 _aNorton, Robert L.
245 1 0 _aDesign of machinery :
_ban introduction to the synthesis and analysis of mechanisms and machines /
_cRobert L. Norton.
250 _a4th ed.
260 _aNew York :
_bMcGraw-Hill,2008
_cc.2008.
300 _axxii, 825 p. :
_bill. ;
_c25 cm. +
_e1 DVD (4 3/4 in.)
490 0 _aMcGraw-Hill series in mechanical engineering
500 _aIndex : p. 807-821.
500 _adistributer: Baccah
504 _aIncludes bibliographical references.
511 _acatalogued by: Mostafa El-Helaly
650 0 _aMachine design.
_2BUEsh
650 0 _aMachinery, Kinematics of.
_2BUEsh
650 0 _aMachinery, Dynamics of.
_2BUEsh
651 _2BUEsh
653 _cAugust2015
655 _aKinematics of Mechanisms- year 1.
_vtext book
_xEngineering
_ySemester 2. 2008/2009
856 4 1 _3Table of contents only
_uhttp://www.loc.gov/catdir/toc/ecip0718/2007020943.html
942 _cTB
_k621.815NOR
_2ddc
999 _c8042
_d8042